[Event "DEM U10 2023"]
[Site "Willingen GER"]
[Date "2023.06.01"]
[Round "8"]
[White "Weibrecht, Theo"]
[Black "Hildebrand, Azat"]
[Result "0-1"]
[Termination "normal"]
[Board "25"]
[WhiteElo "1170"]
[BlackElo "1502"]
[WhiteClock "00:49:39"]
[BlackClock "00:17:31"]
[PlyCount "134"]
[WhiteFideId "34660240"]
[BlackFideId "34607536"]
[EventCountry "GER"]
[EventRounds "11"]
[EventType "swiss"]
[EventDate "2023.05.27"]

1. e4 {[%clk 01:15:59]} c6 {[%clk 01:15:52]} {[%emt 00:00:09]} 2. d4 {[%clk
01:16:22]} {[%emt 00:00:06]} d5 {[%clk 01:16:09]} {[%emt 00:00:13]} 3. e5
{[%clk 01:16:36]} {[%emt 00:00:08]} c5 {[%clk 01:16:13]} {[%emt 00:00:35]} 4.
c3 {[%clk 01:16:46]} {[%emt 00:00:19]} Nc6 {[%clk 01:16:01]} {[%emt 00:00:42]}
5. Nf3 {[%clk 01:16:43]} {[%emt 00:00:32]} cxd4 {[%clk 01:15:58]} {[%emt
00:00:34]} 6. cxd4 {[%emt 00:00:11]} Bg4 {[%emt 00:01:04]} 7. Be2 {[%clk
01:15:42]} {[%emt 00:00:14]} e6 {[%clk 01:14:57]} {[%emt 00:01:33]} 8. h3
{[%clk 01:15:47]} {[%emt 00:00:25]} Bxf3 {[%clk 01:14:15]} {[%emt 00:01:11]} 9.
Bxf3 {[%clk 01:15:37]} {[%emt 00:00:26]} Nge7 {[%clk 01:13:52]} {[%emt
00:01:07]} 10. Nc3 {[%clk 01:15:32]} {[%emt 00:00:34]} Nf5 {[%clk 01:11:29]}
{[%emt 00:02:54]} 11. Nb5 {[%clk 01:15:00]} {[%emt 00:00:54]} Qa5+ {[%clk
01:10:24]} {[%emt 00:01:43]} 12. Nc3 {[%clk 01:15:09]} {[%emt 00:00:21]} Nfxd4
{[%clk 01:09:21]} {[%emt 00:01:34]} 13. Bd2 {[%clk 01:14:39]} {[%emt 00:00:39]}
Nxf3+ {[%clk 01:05:09]} {[%emt 00:05:03]} 14. Qxf3 {[%emt 00:00:54]} Nxe5
{[%emt 00:01:14]} 15. Qe2 {[%clk 01:12:17]} {[%emt 00:00:43]} Nc4 {[%clk
01:00:04]} {[%emt 00:05:37]} 16. b3 {[%clk 01:09:55]} {[%emt 00:02:19]} Nxd2
{[%clk 01:00:12]} {[%emt 00:00:55]} 17. Qb5+ {[%clk 01:08:44]} {[%emt
00:01:24]} Qxb5 {[%clk 00:59:48]} {[%emt 00:01:11]} 18. Nxb5 {[%emt 00:00:22]}
Rc8 {[%emt 00:02:30]} 19. Kxd2 {[%clk 01:05:21]} {[%emt 00:00:53]} a6 {[%clk
00:59:11]} {[%emt 00:01:15]} 20. Nd4 {[%clk 01:04:29]} {[%emt 00:01:12]} Bc5
{[%clk 00:56:48]} {[%emt 00:03:03]} 21. Rac1 {[%clk 01:02:54]} {[%emt
00:00:40]} O-O {[%clk 00:56:41]} {[%emt 00:02:02]} 22. Nf3 {[%clk 01:02:33]}
{[%emt 00:00:50]} Bxf2 {[%clk 00:55:47]} {[%emt 00:01:24]} 23. Rcf1 {[%clk
01:00:50]} {[%emt 00:00:38]} Bg3 {[%clk 00:53:32]} {[%emt 00:04:21]} 24. h4
{[%clk 01:00:50]} {[%emt 00:00:23]} Rc7 {[%clk 00:51:58]} {[%emt 00:02:09]} 25.
h5 {[%clk 01:00:16]} {[%emt 00:01:00]} h6 {[%clk 00:50:16]} {[%emt 00:02:18]}
26. Rh3 {[%clk 00:59:52]} {[%emt 00:00:22]} Bf4+ {[%clk 00:48:26]} {[%emt
00:02:51]} 27. Kd3 {[%clk 00:59:44]} {[%emt 00:00:37]} e5 {[%clk 00:46:59]}
{[%emt 00:01:59]} 28. g3 {[%clk 00:58:49]} {[%emt 00:01:12]} Bxg3 {[%clk
00:41:25]} {[%emt 00:06:16]} 29. Rxg3 {[%clk 00:58:36]} {[%emt 00:00:16]} e4+
{[%clk 00:41:45]} {[%emt 00:00:37]} 30. Ke3 {[%clk 00:57:30]} {[%emt 00:01:22]}
exf3 {[%clk 00:40:21]} {[%emt 00:02:08]} 31. Rfxf3 {[%clk 00:56:07]} {[%emt
00:01:24]} Rc3+ {[%clk 00:38:51]} {[%emt 00:02:30]} 32. Kd4 {[%clk 00:56:11]}
{[%emt 00:00:19]} Rxf3 {[%clk 00:39:16]} {[%emt 00:00:12]} 33. Rxf3 {[%clk
00:56:10]} {[%emt 00:00:13]} Rd8 {[%clk 00:38:57]} {[%emt 00:01:06]} 34. Rg3
{[%clk 00:54:44]} {[%emt 00:01:54]} Kh7 {[%clk 00:37:32]} {[%emt 00:01:56]} 35.
Rf3 {[%clk 00:54:52]} {[%emt 00:00:22]} Kg8 {[%clk 00:36:13]} {[%emt 00:01:50]}
36. Re3 {[%clk 00:54:22]} {[%emt 00:00:56]} Kf8 {[%clk 00:34:42]} {[%emt
00:02:04]} 37. Re2 {[%clk 00:53:42]} {[%emt 00:01:10]} f6 {[%clk 00:33:20]}
{[%emt 00:01:52]} 38. Rg2 {[%clk 00:53:20]} {[%emt 00:00:50]} Kf7 {[%clk
00:32:26]} {[%emt 00:01:26]} 39. Rg3 {[%clk 00:52:45]} {[%emt 00:01:04]} Rd7
{[%clk 00:31:50]} {[%emt 00:01:07]} 40. Rc3 {[%clk 00:52:34]} {[%emt 00:00:35]}
Ke6 {[%clk 00:30:16]} {[%emt 00:02:10]} 41. Re3+ {[%clk 00:52:23]} {[%emt
00:00:31]} Kf5 {[%clk 00:29:39]} {[%emt 00:01:17]} 42. Rg3 {[%clk 00:52:12]}
{[%emt 00:00:36]} Kf4 {[%clk 00:25:42]} {[%emt 00:04:32]} 43. Rg1 {[%clk
00:52:24]} {[%emt 00:00:17]} f5 {[%clk 00:23:35]} {[%emt 00:02:38]} 44. Rf1
{[%clk 00:51:22]} {[%emt 00:01:15]} Kg5 {[%clk 00:23:23]} {[%emt 00:01:01]} 45.
Rh1 {[%clk 00:51:30]} {[%emt 00:00:17]} Kf6 {[%clk 00:22:31]} {[%emt 00:01:26]}
46. Rf1 {[%clk 00:51:32]} {[%emt 00:00:22]} f4 {[%clk 00:16:50]} {[%emt
00:06:17]} 47. Rxf4+ {[%clk 00:50:39]} {[%emt 00:01:17]} Kg5 {[%clk 00:17:18]}
{[%emt 00:00:08]} 48. Rf1 {[%clk 00:50:28]} {[%emt 00:00:39]} Kxh5 {[%clk
00:17:35]} {[%emt 00:00:14]} 49. Rf5+ {[%emt 00:00:07]} g5 {[%emt 00:00:21]}
50. Rf1 {[%clk 00:50:06]} {[%emt 00:00:09]} g4 {[%clk 00:17:35]} {[%emt
00:00:46]} 51. Rh1+ {[%clk 00:50:10]} {[%emt 00:00:06]} Kg5 {[%clk 00:17:37]}
{[%emt 00:00:49]} 52. Ke3 {[%clk 00:50:15]} {[%emt 00:00:16]} h5 {[%clk
00:17:21]} {[%emt 00:00:54]} 53. Kf2 {[%clk 00:49:53]} {[%emt 00:00:51]} h4
{[%clk 00:17:23]} {[%emt 00:00:29]} 54. Kg2 {[%clk 00:49:50]} {[%emt 00:00:33]}
d4 {[%clk 00:17:39]} {[%emt 00:00:15]} 55. Kf2 {[%clk 00:50:12]} {[%emt
00:00:07]} d3 {[%clk 00:17:06]} {[%emt 00:01:03]} 56. a4 {[%emt 00:01:53]} d2
{[%clk 00:15:56]} {[%emt 00:00:02]} 57. Ke2 {[%clk 00:50:35]} {[%emt 00:00:22]}
g3 {[%clk 00:16:01]} {[%emt 00:00:25]} 58. Rg1 {[%clk 00:50:56]} {[%emt
00:00:10]} d1=Q+ {[%clk 00:15:55]} {[%emt 00:00:36]} 59. Rxd1 {[%clk 00:49:36]}
{[%emt 00:00:09]} Rxd1 {[%clk 00:15:55]} 60. Kxd1 {[%emt 00:02:52]} g2 61. Kd2
{[%clk 00:48:11]} {[%emt 00:00:14]} g1=Q {[%emt 00:00:12]} 62. a5 {[%clk
00:48:35]} {[%emt 00:00:05]} Qg3 {[%clk 00:16:37]} {[%emt 00:00:13]} 63. Ke2
{[%clk 00:48:50]} {[%emt 00:00:15]} h3 {[%clk 00:16:59]} {[%emt 00:00:08]} 64.
b4 {[%clk 00:49:13]} {[%emt 00:00:07]} h2 {[%clk 00:17:21]} {[%emt 00:00:08]}
65. b5 {[%clk 00:49:39]} {[%emt 00:00:04]} h1=R {[%emt 00:00:25]} 66. b6 {[%emt
00:00:08]} Rh2+ {[%clk 00:17:08]} {[%emt 00:00:09]} 67. Kf1 {[%emt 00:00:12]}
Qf2# {[%clk 00:17:31]} {[%emt 00:00:05]} 0-1

[Event "DEM U10 2023"]
[Site "Willingen GER"]
[Date "2023.06.01"]
[Round "8"]
[White "Schmidt, Jossip"]
[Black "Simon, Levi Paul"]
[Result "1-0"]
[Termination "normal"]
[Board "26"]
[WhiteElo "1276"]
[BlackElo "1297"]
[WhiteClock "00:39:01"]
[BlackClock "01:09:56"]
[PlyCount "47"]
[WhiteFideId "34621148"]
[BlackFideId "34652310"]
[EventCountry "GER"]
[EventRounds "11"]
[EventType "swiss"]
[EventDate "2023.05.27"]

1. d4 {[%clk 01:15:48]} {[%emt 00:00:12]} d5 {[%clk 01:15:54]} {[%emt
00:00:07]} 2. Nf3 {[%clk 01:15:50]} {[%emt 00:00:26]} Nf6 {[%clk 01:16:17]}
{[%emt 00:00:09]} 3. e3 {[%clk 01:14:22]} {[%emt 00:01:58]} c5 {[%clk
01:15:40]} {[%emt 00:01:08]} 4. b3 {[%clk 01:11:53]} {[%emt 00:02:59]} e6
{[%clk 01:16:03]} {[%emt 00:00:06]} 5. Bb2 {[%clk 01:09:55]} {[%emt 00:02:24]}
Be7 {[%clk 01:15:56]} {[%emt 00:00:41]} 6. Nbd2 {[%clk 01:08:41]} {[%emt
00:01:39]} O-O {[%clk 01:16:09]} {[%emt 00:00:23]} 7. Bd3 {[%clk 01:07:09]}
{[%emt 00:02:01]} b6 {[%clk 01:15:30]} {[%emt 00:01:11]} 8. O-O {[%clk
01:05:49]} {[%emt 00:01:49]} Bb7 {[%clk 01:15:47]} {[%emt 00:00:13]} 9. Ne5
{[%clk 01:04:31]} {[%emt 00:01:44]} Nc6 {[%clk 01:15:51]} {[%emt 00:00:31]} 10.
a3 {[%clk 01:03:29]} {[%emt 00:01:31]} Qc7 {[%clk 01:16:07]} {[%emt 00:00:14]}
11. f4 {[%clk 01:00:21]} {[%emt 00:03:38]} Nd7 {[%clk 01:16:26]} {[%emt
00:00:11]} 12. Qh5 {[%clk 00:58:52]} {[%emt 00:01:57]} Nf6 {[%clk 01:13:19]}
{[%emt 00:03:39]} 13. Qh3 {[%clk 00:57:37]} {[%emt 00:01:42]} h6 {[%clk
01:12:57]} {[%emt 00:00:56]} 14. g4 {[%clk 00:52:29]} {[%emt 00:05:37]} Nd7
{[%clk 01:12:51]} {[%emt 00:00:36]} 15. g5 {[%clk 00:47:15]} {[%emt 00:05:44]}
f6 {[%clk 01:12:51]} {[%emt 00:00:30]} 16. Ng6 {[%clk 00:46:33]} {[%emt
00:01:12]} Rf7 {[%emt 00:00:51]} 17. gxh6 {[%clk 00:45:33]} {[%emt 00:01:27]}
gxh6 {[%clk 01:12:22]} {[%emt 00:00:41]} 18. Qxh6 {[%clk 00:44:53]} {[%emt
00:01:09]} Rg7 {[%clk 01:12:32]} {[%emt 00:00:21]} 19. Kf2 {[%clk 00:44:03]}
{[%emt 00:01:19]} f5 {[%clk 01:11:52]} {[%emt 00:01:11]} 20. dxc5 {[%clk
00:42:49]} {[%emt 00:01:43]} Rh7 {[%clk 01:10:25]} {[%emt 00:01:58]} 21. Nxe7+
{[%clk 00:42:35]} {[%emt 00:00:44]} Nxe7 {[%clk 01:10:34]} {[%emt 00:00:21]}
22. Qxe6+ {[%clk 00:42:39]} {[%emt 00:00:25]} Rf7 {[%clk 01:09:53]} {[%emt
00:01:12]} 23. Qh6 {[%clk 00:40:58]} {[%emt 00:02:11]} Rh7 {[%clk 01:09:56]}
{[%emt 00:00:28]} 24. Rg1+ {[%clk 00:39:01]} {[%emt 00:02:28]} 1-0

[Event "DEM U10 2023"]
[Site "Willingen GER"]
[Date "2023.06.01"]
[Round "8"]
[White "Franke, Moritz"]
[Black "Bremermann, Jakow"]
[Result "1/2-1/2"]
[Termination "normal"]
[Board "27"]
[WhiteElo "1141"]
[BlackElo "787"]
[WhiteClock "01:04:43"]
[BlackClock "00:23:41"]
[PlyCount "55"]
[WhiteFideId "34629475"]
[BlackFideId "34660160"]
[EventCountry "GER"]
[EventRounds "11"]
[EventType "swiss"]
[EventDate "2023.05.27"]

1. e4 {[%clk 01:15:59]} {[%emt 18:33:00]} e5 {[%clk 01:15:53]} {[%emt
00:00:08]} 2. Nf3 {[%clk 01:16:24]} {[%emt 00:00:06]} Nc6 {[%clk 01:16:17]}
{[%emt 00:00:04]} 3. Bc4 {[%clk 01:16:49]} {[%emt 00:00:05]} Nf6 {[%clk
01:12:20]} {[%emt 00:04:27]} 4. d4 {[%clk 01:17:07]} {[%emt 00:00:12]} d5
{[%clk 01:01:52]} {[%emt 00:10:59]} 5. exd5 {[%clk 01:14:19]} {[%emt 00:03:18]}
Nxd5 {[%clk 01:01:55]} {[%emt 00:00:27]} 6. dxe5 {[%clk 01:14:19]} {[%emt
00:00:28]} Be6 {[%clk 01:00:01]} {[%emt 00:02:25]} 7. Ng5 {[%clk 01:12:25]}
{[%emt 00:02:22]} Nxe5 {[%clk 00:57:03]} {[%emt 00:03:29]} 8. Nxe6 {[%clk
01:12:41]} {[%emt 00:00:13]} fxe6 {[%clk 00:56:24]} {[%emt 00:01:10]} 9. Qh5+
{[%clk 01:12:51]} {[%emt 00:00:20]} Ng6 {[%clk 00:55:48]} {[%emt 00:01:07]} 10.
Bxd5 {[%clk 01:13:04]} {[%emt 00:00:16]} Qxd5 {[%clk 00:55:15]} {[%emt
00:01:03]} 11. Qxd5 {[%clk 01:13:24]} {[%emt 00:00:11]} exd5 {[%clk 00:55:39]}
{[%emt 00:00:06]} 12. O-O {[%clk 01:13:46]} {[%emt 00:00:08]} O-O-O {[%clk
00:54:42]} {[%emt 00:01:28]} 13. Re1 {[%clk 01:13:54]} {[%emt 00:00:22]} Bc5
{[%clk 00:54:09]} {[%emt 00:01:02]} 14. Bg5 {[%clk 01:14:03]} {[%emt 00:00:19]}
Rde8 {[%clk 00:48:33]} {[%emt 00:06:06]} 15. Nc3 {[%clk 01:13:37]} {[%emt
00:00:56]} Rxe1+ {[%clk 00:46:22]} {[%emt 00:02:41]} 16. Rxe1 {[%clk 01:13:56]}
{[%emt 00:00:09]} Rf8 {[%clk 00:45:57]} {[%emt 00:00:57]} 17. Rf1 {[%clk
01:13:39]} {[%emt 00:00:45]} Bd4 {[%clk 00:43:49]} {[%emt 00:02:40]} 18. Nxd5
{[%clk 01:13:34]} {[%emt 00:00:35]} Bxb2 {[%clk 00:43:14]} {[%emt 00:01:05]}
19. Ne7+ {[%clk 01:13:25]} {[%emt 00:00:39]} Kb8 {[%clk 00:41:13]} {[%emt
00:02:28]} 20. Nc6+ {[%clk 01:12:39]} {[%emt 00:01:19]} Ka8 {[%clk 00:39:55]}
{[%emt 00:01:40]} 21. Rb1 {[%clk 01:11:41]} {[%emt 00:01:36]} Re8 {[%clk
00:37:54]} {[%emt 00:02:29]} 22. Be3 {[%clk 01:09:33]} {[%emt 00:02:40]} bxc6
{[%clk 00:34:23]} {[%emt 00:04:02]} 23. Rxb2 {[%clk 01:09:24]} {[%emt
00:00:39]} Rd8 {[%clk 00:34:18]} {[%emt 00:00:33]} 24. Rb1 {[%clk 01:08:43]}
{[%emt 00:01:12]} h6 {[%clk 00:28:45]} {[%emt 00:06:04]} 25. c3 {[%clk
01:07:13]} {[%emt 00:01:59]} Ne7 {[%clk 00:24:20]} {[%emt 00:04:56]} 26. g4
{[%clk 01:06:32]} {[%emt 00:01:11]} Nd5 {[%clk 00:23:39]} {[%emt 00:01:10]} 27.
Rd1 {[%clk 01:05:35]} {[%emt 00:01:29]} Rb8 {[%clk 00:23:41]} {[%emt 00:00:27]}
28. Bd4 {[%clk 01:04:43]} {[%emt 00:01:23]} 1/2-1/2

[Event "DEM U10 2023"]
[Site "Willingen GER"]
[Date "2023.06.01"]
[Round "8"]
[White "Khanbekyan, Aram"]
[Black "König, Lian"]
[Result "0-1"]
[Termination "normal"]
[Board "28"]
[WhiteElo "1328"]
[BlackElo "924"]
[WhiteClock "00:46:37"]
[BlackClock "00:47:26"]
[PlyCount "74"]
[WhiteFideId "34606149"]
[BlackFideId "34660216"]
[EventCountry "GER"]
[EventRounds "11"]
[EventType "swiss"]
[EventDate "2023.05.27"]

1. e4 {[%clk 01:15:58]} {[%emt 00:00:02]} e5 {[%clk 01:15:56]} {[%emt
00:00:05]} 2. Nf3 {[%clk 01:16:21]} {[%emt 00:00:07]} Nc6 {[%clk 01:16:08]}
{[%emt 00:00:18]} 3. d4 {[%clk 01:16:32]} {[%emt 00:00:20]} exd4 {[%clk
01:16:12]} {[%emt 00:00:25]} 4. Bc4 {[%clk 01:16:47]} {[%emt 00:00:15]} Bc5
{[%clk 01:15:24]} {[%emt 00:01:17]} 5. c3 {[%clk 01:17:05]} {[%emt 00:00:14]}
d3 {[%clk 01:15:21]} {[%emt 00:00:32]} 6. b4 {[%clk 01:10:22]} {[%emt
00:07:12]} Bb6 {[%clk 01:14:19]} {[%emt 00:01:33]} 7. a4 {[%clk 01:09:44]}
{[%emt 00:01:08]} a6 {[%clk 01:14:35]} {[%emt 00:00:14]} 8. a5 {[%clk
01:06:51]} {[%emt 00:03:24]} Ba7 {[%emt 00:01:29]} 9. Nd4 {[%clk 01:04:15]}
{[%emt 00:01:48]} Nxd4 {[%clk 01:10:45]} {[%emt 00:04:38]} 10. cxd4 {[%clk
00:59:29]} {[%emt 00:05:16]} Bxd4 {[%clk 01:08:59]} {[%emt 00:02:16]} 11. Qh5
{[%clk 00:55:49]} {[%emt 00:04:02]} Qf6 {[%clk 01:04:43]} {[%emt 00:04:54]} 12.
Bg5 {[%clk 00:54:56]} {[%emt 00:01:24]} Qxf2+ {[%clk 01:04:11]} {[%emt
00:01:00]} 13. Kd1 {[%clk 00:54:58]} {[%emt 00:00:26]} g6 {[%clk 00:59:21]}
{[%emt 00:05:23]} 14. Ra2 {[%clk 00:53:44]} {[%emt 00:01:43]} Qxa2 {[%clk
00:57:57]} {[%emt 00:01:54]} 15. Bxa2 {[%clk 00:49:50]} {[%emt 00:04:24]} gxh5
{[%clk 00:58:03]} {[%emt 00:00:24]} 16. Rf1 {[%clk 00:50:08]} {[%emt 00:00:13]}
f6 {[%clk 00:56:31]} {[%emt 00:02:01]} 17. e5 {[%clk 00:48:41]} {[%emt
00:01:58]} Bxe5 {[%clk 00:54:36]} {[%emt 00:02:23]} 18. Re1 {[%clk 00:47:14]}
{[%emt 00:01:58]} d6 {[%clk 00:54:13]} {[%emt 00:00:52]} 19. Bh4 {[%clk
00:47:24]} {[%emt 00:00:21]} Bg4+ {[%clk 00:53:53]} {[%emt 00:00:50]} 20. Kc1
{[%clk 00:47:37]} {[%emt 00:00:16]} O-O-O {[%emt 00:00:39]} 21. h3 {[%emt
00:00:35]} Bf5 {[%clk 00:51:59]} {[%emt 00:01:05]} 22. Rf1 {[%clk 00:46:17]}
{[%emt 00:01:54]} Ne7 {[%clk 00:50:57]} {[%emt 00:01:33]} 23. Rxf5 {[%clk
00:45:50]} {[%emt 00:00:58]} Nxf5 {[%clk 00:51:01]} {[%emt 00:00:26]} 24. Be6+
{[%clk 00:46:04]} {[%emt 00:00:13]} Kb8 {[%clk 00:50:23]} {[%emt 00:01:12]} 25.
Bxf5 {[%clk 00:46:16]} {[%emt 00:00:18]} Rhg8 {[%clk 00:50:36]} {[%emt
00:00:18]} 26. g3 {[%clk 00:45:50]} {[%emt 00:00:55]} Bxg3 {[%clk 00:47:22]}
{[%emt 00:03:44]} 27. Bxf6 {[%clk 00:45:54]} {[%emt 00:00:26]} Rdf8 {[%clk
00:47:30]} {[%emt 00:00:22]} 28. Bxh7 {[%clk 00:46:00]} {[%emt 00:00:23]} Bf4+
{[%clk 00:47:30]} {[%emt 00:00:30]} 29. Nd2 {[%clk 00:45:22]} {[%emt 00:01:08]}
Rg1+ {[%clk 00:47:20]} {[%emt 00:00:40]} 30. Kb2 {[%clk 00:45:17]} {[%emt
00:00:34]} Rxf6 {[%clk 00:47:26]} {[%emt 00:00:25]} 31. Bxd3 {[%clk 00:45:30]}
{[%emt 00:00:18]} Bxd2 {[%clk 00:47:08]} {[%emt 00:00:47]} 32. Bxa6 {[%clk
00:45:47]} {[%emt 00:00:14]} bxa6 {[%clk 00:46:57]} {[%emt 00:00:41]} 33. b5
{[%clk 00:46:07]} {[%emt 00:00:11]} Rf3 {[%clk 00:46:59]} {[%emt 00:00:27]} 34.
bxa6 {[%clk 00:46:09]} {[%emt 00:00:28]} Bxa5 {[%clk 00:46:44]} {[%emt
00:00:44]} 35. a7+ {[%clk 00:46:21]} {[%emt 00:00:19]} Kxa7 {[%clk 00:46:59]}
{[%emt 00:00:16]} 36. h4 {[%clk 00:46:31]} {[%emt 00:00:19]} Rg2+ {[%clk
00:47:17]} {[%emt 00:00:13]} 37. Ka1 {[%clk 00:46:37]} {[%emt 00:00:23]} Rf1#
{[%clk 00:47:26]} {[%emt 00:00:19]} 0-1